Wo men jiu zhe yang = (Record no. 134655)

MARC details
000 -LEADER
fixed length control field 00673nam a2200241 i 4500
001 - CONTROL NUMBER
control field C2-0336936
003 - CONTROL NUMBER IDENTIFIER
control field PPAK
005 - DATE AND TIME OF LATEST TRANSACTION
control field 20180728135810.0
008 - FIXED-LENGTH DATA ELEMENTS--GENERAL INFORMATION
fixed length control field 160717s2014 cc a|||| ||||| | chi d
020 ## - INTERNATIONAL STANDARD BOOK NUMBER
International Standard Book Number 9787501580392
040 ## - CATALOGING SOURCE
Original cataloging agency PPAK
Language of cataloging eng
Transcribing agency PPAK
Description conventions rda
082 04 - DEWEY DECIMAL CLASSIFICATION NUMBER
Classification number 895.13
Edition number 23
090 00 - LOCALLY ASSIGNED LC-TYPE CALL NUMBER (OCLC); LOCAL CALL NUMBER (RLIN)
Classification number (OCLC) (R) ; Classification number, CALL (RLIN) (NR) 895.13
Feature heading YEB
Feature heading G
100 1# - MAIN ENTRY--PERSONAL NAME
Personal name Ye, Bing Lun,
Relator term author
245 10 - TITLE STATEMENT
Title Wo men jiu zhe yang =
Remainder of title We are in this way
264 #1 - PRODUCTION, PUBLICATION, DISTRIBUTION, MANUFACTURE, AND COPYRIGHT NOTICE
Place of production, publication, distribution, manufacture Beijing :
Name of producer, publisher, distributor, manufacturer Zhi shi chu ban she ,
Date of production, publication, distribution, manufacture, or copyright notice 2014
300 ## - PHYSICAL DESCRIPTION
Extent 252 pages :
Other physical details illustrations ;
Dimensions 24 cm
336 ## - CONTENT TYPE
Source rdacontent
Content type term text
337 ## - MEDIA TYPE
Source rdamedia
Media type term unmediated
338 ## - CARRIER TYPE
Source rdacarrier
Carrier type term volume
650 10 - SUBJECT ADDED ENTRY--TOPICAL TERM
Topical term or geographic name entry element Chinese fiction.
942 ## - ADDED ENTRY ELEMENTS (KOHA)
-- dc
Koha item type Book
Holdings
Withdrawn Not for loan Current library Shelving location Date acquired Total Checkouts Total Renewals Full call number Barcode Date last seen Date last checked out Koha item type
    Perpustakaan Alor Setar Pinjaman Dewasa 04/08/2016 3 1 895.13 YEB A01482090 26/06/2023 03/06/2023 Book